<?xml version="1.0" encoding="UTF-8"?>
<record
    xmlns:xsi="http://www.w3.org/2001/XMLSchema-instance"
    xsi:schemaLocation="http://www.loc.gov/MARC21/slim http://www.loc.gov/standards/marcxml/schema/MARC21slim.xsd"
    xmlns="http://www.loc.gov/MARC21/slim">

  <leader>02227nam a22002777a 4500</leader>
  <controlfield tag="003">AR-RoUNCS</controlfield>
  <controlfield tag="005">20260225134427.0</controlfield>
  <controlfield tag="008">220712s2019    ag     jr     000 f spa  </controlfield>
  <datafield tag="015" ind1=" " ind2=" ">
    <subfield code="a">AR-2019</subfield>
  </datafield>
  <datafield tag="020" ind1=" " ind2=" ">
    <subfield code="a">978-987-92918-60-7</subfield>
  </datafield>
  <datafield tag="040" ind1=" " ind2=" ">
    <subfield code="a">AR-BaBN</subfield>
    <subfield code="b">spa</subfield>
    <subfield code="c">AR-RoUNCS</subfield>
    <subfield code="e">aacr</subfield>
  </datafield>
  <datafield tag="041" ind1="1" ind2=" ">
    <subfield code="a">spa</subfield>
    <subfield code="h">eng</subfield>
  </datafield>
  <datafield tag="080" ind1="1" ind2=" ">
    <subfield code="a">82-312.9(73)</subfield>
    <subfield code="2">2016</subfield>
  </datafield>
  <datafield tag="100" ind1="1" ind2=" ">
    <subfield code="a">Henning, Sarah</subfield>
    <subfield code="e">autora</subfield>
    <subfield code="4">aut</subfield>
  </datafield>
  <datafield tag="245" ind1="1" ind2="3">
    <subfield code="a">La bruja del mar /</subfield>
    <subfield code="c">Sarah Henning ; traducci&#xF3;n de Mar&#xED;a Laura Saccardo.</subfield>
  </datafield>
  <datafield tag="250" ind1=" " ind2=" ">
    <subfield code="a">1a ed.</subfield>
  </datafield>
  <datafield tag="260" ind1=" " ind2=" ">
    <subfield code="a">Ciudad Aut&#xF3;noma de Buenos Aires :</subfield>
    <subfield code="b">Puck,</subfield>
    <subfield code="c">2019.</subfield>
  </datafield>
  <datafield tag="300" ind1=" " ind2=" ">
    <subfield code="a">345 p. ;</subfield>
    <subfield code="c">22 cm.</subfield>
  </datafield>
  <datafield tag="500" ind1=" " ind2=" ">
    <subfield code="a">En tapa: &#xAB;Antes de apoderarse de la voz de la sirena, renunci&#xF3; a su propio coraz&#xF3;n&#xBB;.</subfield>
  </datafield>
  <datafield tag="520" ind1="3" ind2=" ">
    <subfield code="a">Todo el mundo sabe lo que pasa al final. Una sirena, un pr&#xED;ncipe, un beso de amor verdadero. Pero antes de la historia de esa joven sirena, existieron tres amigos. Uno temido, uno real y uno que ya estaba muerto. Desde que su mejor amiga, Anna, se ahog&#xF3;, Evie ha sido marginada en su peque&#xF1;o pueblo de pescadores. Una anormal. Una maldici&#xF3;n. Una bruja. Una chica con un extra&#xF1;o parecido con Anna aparece en la costa y, aunque ella lo niega, Evie est&#xE1; convencida de que su mejor amiga sobrevivi&#xF3; y que su propia magia no era tan ineficaz despu&#xE9;s de todo. Cuando las chicas captan los ojos &#x2013;y los corazones&#x2013; de dos encantadores pr&#xED;ncipes, Evie cree que por fin podr&#xED;a tener su &#xAB;felices por siempre&#xBB;. Pero la chica nueva tiene sus propios secretos. No puede quedarse en Havnestad, o mantenerse en dos piernas, a menos que Evie encuentre una manera de ayudarla. Ahora, Evie har&#xE1; cualquier cosa para salvar la humanidad de su amiga y el coraz&#xF3;n de su pr&#xED;ncipe, aprovechando el poder de su magia, su oc&#xE9;ano y su amor, hasta que descubra, demasiado tarde, a lo que en realidad ha renunciado. Wicked se fusiona con La sirenita en esta cautivadora historia sobre el origen de la villana m&#xE1;s ic&#xF3;nica del oc&#xE9;ano, perfecta para los fans de Sin coraz&#xF3;n y Dorothy debe morir.</subfield>
    <subfield code="c">(Descripci&#xF3;n del editor).</subfield>
  </datafield>
  <datafield tag="650" ind1=" " ind2="7">
    <subfield code="2">embne</subfield>
    <subfield code="a">Literatura norteamericana</subfield>
  </datafield>
  <datafield tag="655" ind1=" " ind2="7">
    <subfield code="a">Novelas fant&#xE1;sticas</subfield>
    <subfield code="2">embne</subfield>
  </datafield>
  <datafield tag="655" ind1=" " ind2="7">
    <subfield code="a">Novelas juveniles</subfield>
    <subfield code="2">embne</subfield>
  </datafield>
  <datafield tag="700" ind1="1" ind2=" ">
    <subfield code="a">Saccardo, Mar&#xED;a Laura</subfield>
    <subfield code="e">traductora</subfield>
    <subfield code="4">trl</subfield>
  </datafield>
  <datafield tag="942" ind1=" " ind2=" ">
    <subfield code="2">udc</subfield>
    <subfield code="c">OG</subfield>
    <subfield code="n">0</subfield>
  </datafield>
  <datafield tag="999" ind1=" " ind2=" ">
    <subfield code="c">917</subfield>
    <subfield code="d">917</subfield>
  </datafield>
  <datafield tag="952" ind1=" " ind2=" ">
    <subfield code="0">0</subfield>
    <subfield code="1">0</subfield>
    <subfield code="2">udc</subfield>
    <subfield code="4">0</subfield>
    <subfield code="7">0</subfield>
    <subfield code="8">CG</subfield>
    <subfield code="a">ESOCIALES</subfield>
    <subfield code="b">ESOCIALES</subfield>
    <subfield code="d">2024-10-08</subfield>
    <subfield code="l">0</subfield>
    <subfield code="o">82-312.9(73) H517</subfield>
    <subfield code="p">001263</subfield>
    <subfield code="r">2024-10-08 00:00:00</subfield>
    <subfield code="w">2024-10-08</subfield>
    <subfield code="y">OG</subfield>
  </datafield>
</record>
